| 000 | 00532nam a2200157 a 4500 | ||
|---|---|---|---|
| 001 | 000041929 | ||
| 005 | 20201002035834.0 | ||
| 008 | 131023s1999 sp 000 0 spa d | ||
| 020 | _a8400078306 | ||
| 040 |
_aDO-SdBNP _bspa _cBNPHU |
||
| 100 | 1 |
_aRubio Liniers, María Cruz _968834 |
|
| 245 | 1 | 0 |
_aTesauro de Historia Contemporánea de España : _baño 1999 / _cMaría Cruz Rubio Liniers. |
| 260 |
_aMadrid : _bCSIC, _c1999. |
||
| 300 |
_a326 p. ; _c30 cm. |
||
| 710 | 2 |
_aConsejo Superior de Investigaciones Científicas (España) _915178 |
|
| 999 |
_c41418 _d41418 |
||